AFL 2023 Multiple Choice - Statistics

General Stats
  • This quiz has been taken 690 times
  • The average score is 13 of 20
Answer Stats
Question Answer % Correct
Who won the Brownlow Medal? Lachie Neale
98%
Who won the ANZAC Day Match? Collingwood
97%
Who won the Premiership? Collingwood
96%
Who won the Coleman Medal? Charlie Curnow
93%
What was the new addition to the AFL Fixture in 2023? Gather Round
88%
Which state was announced to be have received the 19th AFL licence in May 2023? Tasmania
87%
Who won the Norm Smith Medal? Bobby Hill
85%
Which club did Damien Hardwick announce to be joining mid-season after shockingly stepping down? Gold Coast
85%
At which stadium did the lights go out mid-game? Gabba
79%
Who won the AFL Rising Star in 2023 Harry Sheezel
74%
Who kicked Goal of the Year? Will Ashcroft
67%
Who took Mark of the Year? Harry Himmelberg
66%
Who received the Wooden Spoon? West Coast
66%
Carlton made the Finals for the first time since... 2013
44%
GWS won games at a record amount of different venues during the season. How many venues was it? 11
40%
Which club enjoyed a 13-Game winning streak during the season? Port Adelaide
40%
The 2023 Season broke the attendance record with 7,475,145 fans attending. What year held the previous record? 2019
34%
Geelong failed to make the Finals this season for the first time since... 2015
32%
Which club had the greatest improvement to Membership numbers? Brisbane
32%
Which player did NOT kick 9+ goals in a game in 2023? Jeremy Cameron
26%
No matching quizzes found
Score Distribution
Percent of People with Each Score
Percentile by Number Answered
Your Score History
You have not taken this quiz